South Indian rebellion: the first war of independence, 1800-1801 / (Record no. 20926)

MARC details
000 -LEADER
fixed length control field 00772nam a2200253 4500
001 - CONTROL NUMBER
control field 2214656
003 - CONTROL NUMBER IDENTIFIER
control field BDDh-ASL
005 - DATE AND TIME OF LATEST TRANSACTION
control field 20231015025941.0
008 - FIXED-LENGTH DATA ELEMENTS--GENERAL INFORMATION
fixed length control field 720217s1971 ii a b 001 0 eng
010 ## - LIBRARY OF CONGRESS CONTROL NUMBER
LC control number 74924751
040 ## - CATALOGING SOURCE
Original cataloging agency DLC
Transcribing agency DLC
Modifying agency DLC
-- BDDh-ASL
043 ## - GEOGRAPHIC AREA CODE
Geographic area code a-ii---
050 00 - LIBRARY OF CONGRESS CALL NUMBER
Classification number DS475.1
Item number .R34
082 ## - DEWEY DECIMAL CLASSIFICATION NUMBER
Classification number 954.7
Item number RAS
100 1# - MAIN ENTRY--PERSONAL NAME
Personal name Rajayyan, K.,
Dates associated with a name 1929-
245 10 - TITLE STATEMENT
Title South Indian rebellion: the first war of independence, 1800-1801 /
Statement of responsibility, etc. [by] K. Rajayyan.
260 ## - PUBLICATION, DISTRIBUTION, ETC.
Place of publication, distribution, etc. Mysore:
Name of publisher, distributor, etc. Rao and Raghavan,
Date of publication, distribution, etc. 1971.
300 ## - PHYSICAL DESCRIPTION
Extent 315 p. :
Other physical details illus.
Dimensions 22 cm.
350 ## - PRICE (NR) (BK AM CF MU VM SE) [OBSOLETE]
Price Rs50.00
504 ## - BIBLIOGRAPHY, ETC. NOTE
Bibliography, etc. note Bibliography: p. 298-302.
651 #0 - SUBJECT ADDED ENTRY--GEOGRAPHIC NAME
Geographic name India
General subdivision History
Chronological subdivision British occupation, 1765-1947.
906 ## - LOCAL DATA ELEMENT F, LDF (RLIN)
a 7
b cbc
c orignew
d 4
e ncip
f 19
g y-gencatlg
942 ## - ADDED ENTRY ELEMENTS (KOHA)
Source of classification or shelving scheme Dewey Decimal Classification
Koha item type Books
Holdings
Withdrawn status Lost status Source of classification or shelving scheme Damaged status Not for loan Collection code Home library Current library Shelving location Date acquired Source of acquisition Total Checkouts Full call number Barcode Date last seen Copy number Price effective from Koha item type Public note
    Dewey Decimal Classification   Not For Loan Non-fiction Asiatic Society Library Asiatic Society Library Ludden Collection 01/16/2021 Donated by Prof. David Ludden   954.7 RAS 104436 01/16/2021 C-1 01/16/2021 Books RARE
    Dewey Decimal Classification     Non-fiction Asiatic Society Library Asiatic Society Library General Stacks 02/17/2021 ASB Library Collections   954.7 RAS 106021 02/17/2021 C-2 02/17/2021 Books RARE

Powered by Koha